Camino a la universidad: preicfes

Los exámenes de Estado para ingreso a la educación superior son pruebas académicas preparadas por el Instituto Colombiano para el fomento de la educación Superior ? ICFES con el fin de evaluar en forma periódica la calidad de la educación.

Guardat en:
Dades bibliogràfiques
Autor corporatiu: Cooperativa Editorial Magisterio (Bogotá)
Format: Llibre
Idioma:Spanish
Publicat: Bogotá: Cooperativa Editorial Magisterio, 1994
Col·lecció:Colección aula abierta
Matèries:
Accés en línia:Enlace del recurso
Etiquetes: Afegir etiqueta
Sense etiquetes, Sigues el primer a etiquetar aquest registre!

MARC

LEADER 00000nam a2200000 a 4500
001 000771
008 030404s1994 ck a fr# #000|0#spa#d
020 |a 958-20-0171-2 
041 0 |a spa 
043 |a s-ck--- 
082 0 4 |a 371.262  |b C556c 
110 2 |a Cooperativa Editorial Magisterio (Bogotá) 
245 1 0 |a Camino a la universidad:  |b preicfes   |c Cooperativa Editorial Magisterio 
260 |a Bogotá:  |b Cooperativa Editorial Magisterio,  |c 1994 
300 |a 191 p.:  |b il., gráf., tabl. 
440 0 |a Colección aula abierta 
520 3 |a Los exámenes de Estado para ingreso a la educación superior son pruebas académicas preparadas por el Instituto Colombiano para el fomento de la educación Superior ? ICFES con el fin de evaluar en forma periódica la calidad de la educación. 
650 1 4 |a EXÁMENES DE INGRESO A LA UNIVERSIDAD  |z COLOMBIA 
650 1 4 |a PRUEBAS DE INTELIGENCIA 
999 |c 2923  |d 2923 
856 |u https://catalogo.idep.edu.co/cgi-bin/koha/opac-detail.pl?biblionumber=2923  |z Enlace del recurso